Lyrics raten #2 - Statistiken

Allgemein
  • Dieses Quiz wurde 1.137 mal gespielt
  • Das Durchschnittsergebnis liegt bei 86 aus 467
Antwortstatistiken
Antwort % Korrekt
ich
96%
Ich
96%
du
91%
Wir
82%
wir
82%
sie
81%
79%
Da
78%
es
74%
Es
74%
die
71%
Die
71%
der
70%
das
69%
sind
65%
Ihr
64%
und
61%
ein
55%
Ein
55%
bin
54%
isst
54%
ist
53%
Liebe
52%
den
50%
für
49%
eine
47%
Eine
47%
zu
46%
in
45%
nicht
43%
an
42%
im
41%
uns
41%
dein
40%
sein
40%
was
40%
ab
37%
auf
36%
mit
33%
gehe
31%
mich
31%
will
31%
am
29%
denn
27%
einer
27%
wollen
27%
dem
26%
leben
26%
Hör
25%
kein
25%
oder
25%
Doch
24%
von
24%
als
23%
bei
23%
nach
23%
um
22%
Frau
21%
keine
19%
über
19%
vor
19%
Welt
19%
werde
19%
zum
19%
des
18%
sehen
18%
auch
17%
geht
17%
wird
16%
gross
15%
Gross
15%
meiner
15%
seine
15%
gib
14%
heute
14%
schon
14%
Schon
14%
werden
14%
Kind
13%
Lauf
13%
Mutter
12%
reden
12%
Hass
11%
nichts
11%
Menschen
10%
Vater
10%
vom
10%
ihren
9%
Kopf
9%
Frage
8%
kommt
8%
oben
8%
sagt
8%
zwei
8%
ah
7%
ging
7%
Tage
7%
viele
7%
5
6%
brauch
6%
Brüder
6%
Bruder
6%
Halt
6%
hoch
6%
paar
6%
Unseren
6%
allen
5%
also
5%
beim
5%
Deutschland
5%
nehmen
5%
Tod
5%
Würde
5%
einfach
4%
Gott
4%
Hurensohn
4%
Mond
4%
Papa
4%
Schwester
4%
Sohn
4%
vier
4%
weiter
4%
bleibt
3%
Dinge
3%
fort
3%
kleiner
3%
Knast
3%
krieg
3%
Nutte
3%
Oma
3%
Para
3%
Recht
3%
reissen
3%
siehst
3%
zähle
3%
ausser
2%
Cho
2%
cho
2%
Egal
2%
Gesetz
2%
Hunger
2%
Okay
2%
toten
2%
ums
2%
unantastbar
2%
zeigen
2%
Abdi
1%
Afrika
1%
anderer
1%
Aufgeben
1%
Bahnhof
1%
Bavaria
1%
beginnt
1%
Besuch
1%
beweisen
1%
Chance
1%
Cousin
1%
dazu
1%
Dealer
1%
Eisen
1%
Feinde
1%
Flieger
1%
Führer
1%
Gebet
1%
gehts
1%
Gesellschaft
1%
gestorben
1%
grad
1%
harte
1%
Hasch
1%
Hoffnung
1%
Hummer
1%
Innersten
1%
jagen
1%
Jahren
1%
Jenny
1%
Kambodscha
1%
Kanacks
1%
Kaviar
1%
kennt
1%
knallt
1%
letztes
1%
Locker
1%
Lügner
1%
Meinung
1%
Miami
1%
mitten
1%
nackte
1%
Parallel dazu
1%
Parallelen
1%
Parallelgesellschaften
1%
Plan B
1%
Planung
1%
predigen
1%
Puff
1%
Rapper
1%
Regeln
1%
regieren
1%
schnappt
1%
Schuhe
1%
sitzt
1%
Sony
1%
stirbt
1%
türkische
1%
überall
1%
Überleben
1%
verewigen
1%
Weltherrschaft
1%
zusammenhält
1%
120
0%
7ner
0%
Abderrahim
0%
abgeschoben
0%
AIDS
0%
Akhis
0%
Al-Fatiha
0%
Alman
0%
Al Quaida
0%
Amis
0%
Ausländerzuwachs
0%
Benji
0%
blenden
0%
bluten
0%
BND
0%
bombt
0%
boxt
0%
Bravia
0%
Bundeswehr
0%
diejenigen
0%
draufgehen
0%
eacho
0%
ekligen
0%
Erträgt
0%
Felix
0%
Fremdwort
0%
gecasht
0%
Gemeinschaften
0%
Genozid
0%
Geschäfte
0%
Gesetzstruktur
0%
googlen
0%
Gummi
0%
Haschtransport
0%
Hasso
0%
Hauptbahnhof
0%
Hazro
0%
Heisenrath
0%
Hodscha
0%
Hundesohn
0%
Hungerlohn
0%
hungert
0%
Hunni
0%
Integration
0%
IRA
0%
Kaffeehäuser
0%
Kamerad
0%
Kandahar
0%
Kilo
0%
Kontradeutscheleitkultur
0%
kreisen
0%
Kugelhagel
0%
Kurac
0%
lauern
0%
Marokko
0%
Menschenrechtegrundsatz
0%
Moscheen
0%
Mundgeruch
0%
Nador
0%
nennt
0%
Neunjährigen
0%
Nummern
0%
NWO
0%
Palästina
0%
Paraell
0%
Paraell dazu
0%
Passport
0%
Penny
0%
platzt
0%
Pullover
0%
Putin
0%
putzt
0%
Rashid
0%
Rasterfahndung
0%
Rentner
0%
rotzen
0%
Ruanda
0%
Schulden
0%
Scotland Yard
0%
Socken
0%
Sonnenbrand
0%
Srebrenica
0%
stämmt
0%
Stars
0%
Streifenwagen
0%
Sturm
0%
Superbowl
0%
tankst
0%
Taschen
0%
tockern
0%
Tommy’s
0%
Touchdown
0%
U-Haft
0%
umkommen
0%
Unschuldige
0%
Unterhose
0%
unterzeichnet
0%
vaay
0%
verdursten
0%
Verhungern
0%
verkauft
0%
Wärter
0%
wello
0%
Zorn
0%
zulassen
0%
Keine übereinstimmenden Quizze gefunden
Verteilung der Resultate
Anzahl Personen mit jedem Resultat
Perzentil nach korrekt beantworteten Fragen
Ihre Resultats-Entwicklung
Sie haben dieses Quiz noch nicht gespielt